|
|
|
|
| LEADER |
00000nam0a2200000 4500 |
| 001 |
334924 |
| 005 |
20231102004713.0 |
| 035 |
|
|
|a (RuTPU)RU\TPU\book\361226
|
| 090 |
|
|
|a 334924
|
| 100 |
|
|
|a 20170908d1962 k y0rusy50 ca
|
| 101 |
0 |
|
|a rus
|
| 102 |
|
|
|a KZ
|
| 105 |
|
|
|a a z 001zy
|
| 200 |
1 |
|
|a Полярографическое поведение взвеси иодида ртути на платиновом электроде
|e [отдельный оттиск]
|f В. А. Захаров, О. А. Сонгина
|g Академия наук Казахской ССР (АН КазССР)
|
| 210 |
|
|
|a Алма-Ата
|c Изд-во АН Казахской ССР
|d 1962
|
| 215 |
|
|
|a 6 с.
|c ил.
|
| 225 |
1 |
|
|a Известия Академии наук Казахской ССР
|
| 225 |
1 |
|
|a Серия химическая
|v Вып. 2 (20) (1961)
|
| 320 |
|
|
|a Библиогр. в конце ст.
|
| 606 |
1 |
|
|a Полярографический анализ
|2 stltpush
|3 (RuTPU)RU\TPU\subj\50820
|9 69454
|
| 610 |
1 |
|
|a оттиски
|
| 610 |
1 |
|
|a платиновые электроды
|
| 610 |
1 |
|
|a анодное поведение
|
| 610 |
1 |
|
|a эксперименты
|
| 610 |
1 |
|
|a графики
|
| 610 |
1 |
|
|a катодное поведение
|
| 610 |
1 |
|
|a библиотека А. Г. Стромберга
|
| 675 |
|
|
|a 543.552
|v 4
|
| 700 |
|
1 |
|a Захаров
|b В. А.
|
| 701 |
|
1 |
|a Сонгина
|b О. А.
|
| 712 |
0 |
2 |
|a Академия наук Казахской ССР (АН КазССР)
|c (Алма-Ата)
|2 stltpush
|3 (RuTPU)RU\TPU\col\4941
|
| 801 |
|
1 |
|a RU
|b 63413507
|c 20170908
|
| 801 |
|
2 |
|a RU
|b 63413507
|c 20171204
|g RCR
|
| 942 |
|
|
|c BK
|